| 000 | 00604 a2200241 4500 | ||
|---|---|---|---|
| 001 | 23044 | ||
| 999 |
_c23044 _d9694 |
||
| 003 | TR-AnTOB | ||
| 005 | 20191101154138.0 | ||
| 008 | 050110s2004 tu tur | ||
| 020 | _a97577852252 | ||
| 041 | _atur | ||
| 050 |
_aHB172 _b.T87 2004 |
||
| 090 | _aHB172 .T87 2004 | ||
| 100 |
_aTürkay, Orhan _977702 |
||
| 245 | 0 |
_aİktisat teorisine giriş : _bmikroiktisat teorisi / _cOrhan Türkay. |
|
| 250 | _a16. bs. | ||
| 264 | 1 |
_aAnkara : _bİmaj Yayıncılık, _c2004 |
|
| 300 |
_a235 p. ; _c24 cm. |
||
| 500 | _aIncludes index. | ||
| 650 |
_aMikroekonomi _99596 |
||
| 902 | _a*** | ||
| 942 | _cBK | ||